[Event "American Continental 16th"]
[Site "San Salvador"]
[Date "2022.05.08"]
[Round "9"]
[White "Gutierrez, Renzo"]
[Black "Mira, Felix"]
[Result "1-0"]
[WhiteElo "2286"]
[BlackElo "1897"]
[PlyCount "65"]
[EventDate "2022.05.02"]
[EventType "swiss"]
[EventRounds "11"]
[EventCountry "ESA"]
[SourceTitle "CBM 208 Extra"]
[Source "ChessBase"]
[SourceDate "2022.07.31"]
[SourceVersion "1"]
[SourceVersionDate "2022.07.31"]
[SourceQuality "1"]

1. e4 c5 2. Nc3 e6 3. Nf3 a6 4. g3 d5 5. exd5 exd5 6. d4 Nf6 7. Bg2 Nc6 8. 0-0 Bg4 9. Re1+ Be7 10. dxc5 0-0 11. Na4 Qa5 12. c3 Rae8 13. b4 Qd8 14. Be3 Ne4 15. Qb3 Bxf3 16. Bxf3 Ne5 17. Bg2 Ng4 18. Rad1 Nxe3 19. Rxe3 Nf6 20. Nb6 Ng4 21. Red3 Bh4 22. Qc2 Re6 23. h3 Ne5 24. Rxd5 Qg5 25. Nd7 Bxg3 26. fxg3 Qxg3 27. Rxe5 Rxe5 28. Nxe5 Qxe5 29. Qd2 Qg3 30. Qd3 Qg5 31. Re1 f5 32. Qd5+ Kh8 33. Qxb7 1-0

[Event "American Continental 16th"]
[Site "San Salvador"]
[Date "2022.05.07"]
[Round "8"]
[White "Mira, Felix"]
[Black "Villalta, Camilo1"]
[Result "1-0"]
[WhiteElo "1897"]
[BlackElo "1684"]
[PlyCount "41"]
[EventDate "2022.05.02"]
[EventType "swiss"]
[EventRounds "11"]
[EventCountry "ESA"]
[SourceTitle "CBM 208 Extra"]
[Source "ChessBase"]
[SourceDate "2022.07.31"]
[SourceVersion "1"]
[SourceVersionDate "2022.07.31"]
[SourceQuality "1"]

1. e4 c5 2. Nf3 Nc6 3. d4 cxd4 4. Nxd4 g6 5. Bc4 Bg7 6. Nxc6 bxc6 7. Nc3 d6 8. 0-0 Qc7 9. f4 Nf6 10. f5 0-0 11. Bb3 Bb7 12. Bg5 Rad8 13. Kh1 d5 14. e5 Ne4 15. Nxe4 dxe4 16. Qg4 Qxe5 17. Qh4 Bf6 18. fxg6 hxg6 19. Rxf6 exf6 20. Bxf6 Qh5 21. Bxd8 1-0

[Event "American Continental 16th"]
[Site "San Salvador"]
[Date "2022.05.06"]
[Round "7"]
[White "Ramirez Osio, Julio Adrian"]
[Black "Mira, Felix"]
[Result "1-0"]
[WhiteElo "2143"]
[BlackElo "1897"]
[PlyCount "89"]
[EventDate "2022.05.02"]
[EventType "swiss"]
[EventRounds "11"]
[EventCountry "ESA"]
[SourceTitle "CBM 208 Extra"]
[Source "ChessBase"]
[SourceDate "2022.07.31"]
[SourceVersion "1"]
[SourceVersionDate "2022.07.31"]
[SourceQuality "1"]

1. d4 Nf6 2. c4 e6 3. g3 d5 4. Bg2 Bb4+ 5. Nd2 0-0 6. Ngf3 c5 7. 0-0 cxd4 8. cxd5 Nxd5 9. Nxd4 Bd7 10. e4 Nb6 11. e5 Nc6 12. Nxc6 Bxc6 13. Bxc6 bxc6 14. Ne4 Qxd1 15. Rxd1 a5 16. Bg5 h6 17. Be3 Nc4 18. Bd4 c5 19. Rac1 Nd2 20. Nxd2 Bxd2 21. Rxd2 cxd4 22. Rxd4 Rfb8 23. Rc2 Rb5 24. f4 a4 25. Kf2 a3 26. b4 Rab8 27. Rcc4 Kh7 28. Ke3 Kg6 29. Kd3 f6 30. exf6 gxf6 31. Kc3 Rh5 32. Rd2 e5 33. Kb3 exf4 34. Rxf4 Ra5 35. Rd6 Re5 36. Rdxf6+ Kg5 37. h4+ Kh5 38. R6f5+ Rxf5 39. Rxf5+ Kg4 40. Rf6 Kxg3 41. Rxh6 Ra8 42. b5 Kg4 43. Ra6 Rf8 44. Kxa3 Kxh4 45. Rg6 1-0

[Event "San Salvador zt 2.3"]
[Site "San Salvador"]
[Date "2017.05.27"]
[Round "2"]
[White "Ortez, Andrea"]
[Black "Mira, Felix"]
[Result "0-1"]
[WhiteElo "1822"]
[BlackElo "1920"]
[PlyCount "64"]
[EventDate "2017.05.26"]
[EventType "swiss"]
[EventRounds "9"]
[EventCountry "ESA"]
[SourceTitle "CBM 178 Extra"]
[Source "ChessBase"]
[SourceDate "2017.06.22"]
[SourceVersion "1"]
[SourceVersionDate "2017.06.22"]
[SourceQuality "1"]

1. e4 c5 2. Nf3 Nc6 3. d4 cxd4 4. Nxd4 g6 5. Nc3 Bg7 6. Nde2 Nf6 7. a3 b5 8. g3 Bb7 9. Bg2 a6 10. 0-0 0-0 11. h3 Qc7 12. Bg5 Na5 13. Qc1 Rac8 14. Bh6 Rfd8 15. Bxg7 Kxg7 16. Nf4 e5 17. Nd3 d5 18. exd5 Nxd5 19. Bxd5 Bxd5 20. Nxd5 Rxd5 21. Nb4 Rd6 22. Qe1 Nc4 23. Nd3 f6 24. b3 Na5 25. Nb4 Rcd8 26. Qe3 Qc8 27. Rac1 Qxh3 28. c4 bxc4 29. bxc4 Rd4 30. c5 Nc4 31. Qc3 Nd2 32. Rfd1 Rd3 0-1

[Event "San Salvador zt 2.3"]
[Site "San Salvador"]
[Date "2017.05.26"]
[Round "1"]
[White "Mira, Felix"]
[Black "Ruiz Castillo, Joshua Daniel"]
[Result "1/2-1/2"]
[WhiteElo "1920"]
[BlackElo "2350"]
[PlyCount "124"]
[EventDate "2017.05.26"]
[EventType "swiss"]
[EventRounds "9"]
[EventCountry "ESA"]
[SourceTitle "CBM 178 Extra"]
[Source "ChessBase"]
[SourceDate "2017.06.22"]
[SourceVersion "1"]
[SourceVersionDate "2017.06.22"]
[SourceQuality "1"]

1. e4 c5 2. Nc3 Nc6 3. g3 g6 4. Bg2 Bg7 5. Nge2 e6 6. 0-0 Nge7 7. d3 0-0 8. Be3 Nd4 9. Qd2 Qa5 10. Nxd4 cxd4 11. Nd5 Qd8 12. Nxe7+ Qxe7 13. Bh6 Bxh6 14. Qxh6 Qb4 15. f4 f5 16. g4 Qe7 17. exf5 gxf5 18. g5 Qg7 19. Qh4 d6 20. Rf3 Bd7 21. Rh3 Rac8 22. Rc1 Bc6 23. Qf2 e5 24. Rh6 Bxg2 25. Kxg2 Rc6 26. h4 e4 27. Qe2 d5 28. Rxc6 bxc6 29. c4 Qc7 30. Kg3 Qd6 31. cxd5 Qxd5 32. b4 exd3 33. Qxd3 Re8 34. Rc5 Qe4 35. Qxe4 fxe4 36. Re5 Kf8 37. h5 d3 38. Kf2 Rd8 39. Ke1 Rd4 40. a3 Rc4 41. h6 Rc1+ 42. Kd2 Rc2+ 43. Kd1 Re2 44. f5 e3 45. g6 hxg6 46. fxg6 Rh2 47. g7+ Kf7 48. Rxe3 Rxh6 49. Rg3 Kg8 50. Kd2 c5 51. bxc5 Rh5 52. c6 Rh6 53. Rxd3 Rxc6 54. Rd8+ Kxg7 55. Rd7+ Kf8 56. Rxa7 Ke8 57. Kd3 Kd8 58. Kd4 Kc8 59. Kd5 Rc3 60. Ra5 Kb7 61. a4 Kb6 62. Rb5+ Ka6 1/2-1/2